00325nam a2200133Ia 4500008004100000041000800041082001500049100001900064245003400083260002200117300000800139365001600147700002800163230718s9999 xx 000 0 und d aeng a004.6bJAY aJayasimha K.R. aIt Initiatives In Rural India c2005bICFAI Books a203 cRs.b350.00 aJayasimha K.R. & Yamini